| 000 | 01443nam a22002657a 4500 | ||
|---|---|---|---|
| 999 |
_c8977 _d8977 |
||
| 003 | AR-CdUCM | ||
| 008 | 190327b ||||| |||| 00| 0 spa d | ||
| 020 | _a978997222221 | ||
| 040 |
_aMUNICIPALIDAD PROVINCIAL DEL CUSCO _cBIBLIOTECA MUNICIPAL DEL CUSCO |
||
| 082 |
_a155.40985 / _bP75 |
||
| 100 |
_aPollitt, Ernesto _924890 |
||
| 245 |
_aLa utilización de hitos motores en estudios poblacionales como indicadores del dasarrollo en niños menores de dos años : _binforme técnico / _cErnesto Pollitt, Jorge Bacallao. |
||
| 260 |
_aLima : _bOrganización Panamericana de la Salud : _bOrganización Mundial de la Salud : _b[Sinco Editores], _c2009. |
||
| 300 |
_a72 páginas ; _c21 cm. |
||
| 505 | _aContenido: Implicaciones funcionales, éticas, económicas y sociales del rezago en el desarrollo infantil en el Perú -- Consideraciones generales: la naturaleza del desarrollo infantil y las restricciones que ésta impone en su evaluación con fines aplicados -- Principios y criterios para la selección del indicador de desarrollo ... | ||
| 650 |
_aDesarrollo en niños - Investigación _924891 |
||
| 650 |
_aAptitud motora en niños _924892 |
||
| 650 |
_aNeuropsicología _924893 |
||
| 650 |
_aNutrición - Niños - Perú _924894 |
||
| 700 |
_aBacallao, Jorge . _924895 |
||
| 710 |
_aOrganización Panamericana de la Salud _924896 |
||
| 710 |
_aOrganización Mundial de la Salud _924897 |
||
| 942 |
_2ddc _cLIBROS |
||
| 945 | _alccs | ||